<?xml version="1.0" encoding="UTF-8"?>
<collection xmlns="http://www.loc.gov/MARC21/slim">
<record>
  <controlfield tag="000">03026ckm\a22004812i\4500</controlfield>
  <controlfield tag="001">128684</controlfield>
  <controlfield tag="005">20260305142729.0</controlfield>
  <controlfield tag="007">kd\cf\</controlfield>
  <controlfield tag="008">021206s1844\\\\enk000\\\\\\\\\\\\an\\\\u</controlfield>
  <datafield tag="035" ind1=" " ind2=" ">
    <subfield code="a">(DCFGES)00700142</subfield>
  </datafield>
  <datafield tag="035" ind1=" " ind2=" ">
    <subfield code="a">128684</subfield>
  </datafield>
  <datafield tag="040" ind1=" " ind2=" ">
    <subfield code="a">DFo</subfield>
    <subfield code="c">DFo</subfield>
    <subfield code="d">UtOrBLW</subfield>
  </datafield>
  <datafield tag="099" ind1=" " ind2=" ">
    <subfield code="a">FPm21</subfield>
  </datafield>
  <datafield tag="100" ind1="1" ind2=" ">
    <subfield code="a">Sully, Rosalie,</subfield>
    <subfield code="d">1818-1847,</subfield>
    <subfield code="e">artist.</subfield>
  </datafield>
  <datafield tag="245" ind1="1" ind2="0">
    <subfield code="a">Charlotte Cushman</subfield>
    <subfield code="h">[graphic] /</subfield>
    <subfield code="c">Rosalie Sully.</subfield>
  </datafield>
  <datafield tag="260" ind1=" " ind2=" ">
    <subfield code="c">1844.</subfield>
  </datafield>
  <datafield tag="300" ind1=" " ind2=" ">
    <subfield code="a">1 drawing :</subfield>
    <subfield code="b">watercolor with tempera on ivory, oval ;</subfield>
    <subfield code="c">2 x 1 1/2 in. (5.2 x 4 cm)</subfield>
  </datafield>
  <datafield tag="336" ind1=" " ind2=" ">
    <subfield code="a">still image</subfield>
    <subfield code="b">sti</subfield>
    <subfield code="2">rdacontent</subfield>
  </datafield>
  <datafield tag="337" ind1=" " ind2=" ">
    <subfield code="a">unmediated</subfield>
    <subfield code="b">n</subfield>
    <subfield code="2">rdamedia</subfield>
  </datafield>
  <datafield tag="340" ind1=" " ind2=" ">
    <subfield code="a">ivory</subfield>
    <subfield code="a">skin</subfield>
    <subfield code="2">rdamat</subfield>
  </datafield>
  <datafield tag="340" ind1=" " ind2=" ">
    <subfield code="c">watercolour</subfield>
    <subfield code="c">tempera</subfield>
    <subfield code="2">rdamat</subfield>
  </datafield>
  <datafield tag="340" ind1=" " ind2=" ">
    <subfield code="g">polychrome</subfield>
    <subfield code="2">rdacc</subfield>
  </datafield>
  <datafield tag="500" ind1=" " ind2=" ">
    <subfield code="a">There are faint traces of an inscription, now illegible, along the right-hand side above the sitter's shoulder.</subfield>
  </datafield>
  <datafield tag="500" ind1=" " ind2=" ">
    <subfield code="a">The miniature is in a gold frame, on the back of which are locks of hair decorated with gold thread and a pearl ornament.  The small clump of hair to the left is a light brown, in contrast to the darker brown hair composing the other clusters.  One possibility is that the light hair is Rosalie's and the dark hair is Charlotte's.  Neither shade of hair matches that of the bracelet in FPm24.  The case is mounted as a brooch.</subfield>
  </datafield>
  <datafield tag="500" ind1=" " ind2=" ">
    <subfield code="a">Title from Pressly.</subfield>
  </datafield>
  <datafield tag="510" ind1="4" ind2=" ">
    <subfield code="a">Pressly, W.L.  Paintings in the Folger Shakespeare Library,</subfield>
    <subfield code="c">142</subfield>
  </datafield>
  <datafield tag="530" ind1=" " ind2=" ">
    <subfield code="a">Also available as a digital reproduction.</subfield>
  </datafield>
  <datafield tag="541" ind1="1" ind2=" ">
    <subfield code="a">Gift, Mrs. Victor N. Cushman, 24 September 1936.</subfield>
  </datafield>
  <datafield tag="561" ind1=" " ind2=" ">
    <subfield code="a">Provenance:  Painted as gift from the artist to the sitter; by descent to Charlotte Cushman's nephew and adopted son, Edwin Charles Cushman; by descent to his wife; by descent to their son, Victor N. Cushman; by descent to his wife.</subfield>
  </datafield>
  <datafield tag="583" ind1=" " ind2=" ">
    <subfield code="a">Condition reviewed</subfield>
    <subfield code="l">the brown in the hair is severely cracking with some flaking.  The coating used in the finely hatched, light brown background may be watercolor mixed with egg tempera.  It shows evidence of shrinkage causing a splotching effect, which may also be the result of air bubbles.</subfield>
  </datafield>
  <datafield tag="583" ind1="0" ind2=" ">
    <subfield code="a">revised</subfield>
    <subfield code="c">2017-01</subfield>
    <subfield code="k">EEW</subfield>
    <subfield code="n">1</subfield>
    <subfield code="o">link</subfield>
    <subfield code="x">Luna</subfield>
    <subfield code="2">local</subfield>
    <subfield code="5">DFo</subfield>
  </datafield>
  <datafield tag="585" ind1=" " ind2=" ">
    <subfield code="a">Exhibited: 'As imagination bodies forth...' [paintings] Oct. 28, 1993-Feb. 15, 1994.</subfield>
  </datafield>
  <datafield tag="600" ind1="1" ind2="0">
    <subfield code="a">Cushman, Charlotte,</subfield>
    <subfield code="d">1816-1876</subfield>
    <subfield code="0">n  83046004</subfield>
    <subfield code="v">Portraits.</subfield>
    <subfield code="0">sh 99001681</subfield>
  </datafield>
  <datafield tag="655" ind1=" " ind2="7">
    <subfield code="a">Miniatures (Paintings)</subfield>
    <subfield code="0">tgm006637g</subfield>
    <subfield code="2">gmgpc</subfield>
  </datafield>
  <datafield tag="655" ind1=" " ind2="7">
    <subfield code="a">Portraits.</subfield>
    <subfield code="0">tgm008085g</subfield>
    <subfield code="2">gmgpc</subfield>
  </datafield>
  <datafield tag="655" ind1=" " ind2="7">
    <subfield code="a">Watercolors.</subfield>
    <subfield code="0">tgm011580g</subfield>
    <subfield code="2">gmgpc</subfield>
  </datafield>
  <datafield tag="655" ind1=" " ind2="7">
    <subfield code="a">Human hair.</subfield>
    <subfield code="0">300011820</subfield>
    <subfield code="2">aat</subfield>
  </datafield>
  <datafield tag="700" ind1="1" ind2=" ">
    <subfield code="a">Cushman, Louise,</subfield>
    <subfield code="0">no2009006473,</subfield>
    <subfield code="e">donor.</subfield>
  </datafield>
  <datafield tag="700" ind1="1" ind2=" ">
    <subfield code="a">Cushman, Charlotte,</subfield>
    <subfield code="d">1816-1876,</subfield>
    <subfield code="0">n  83046004,</subfield>
    <subfield code="e">former owner.</subfield>
    <subfield code="5">DFo</subfield>
  </datafield>
  <datafield tag="700" ind1="1" ind2=" ">
    <subfield code="a">Cushman, Edwin Charles,</subfield>
    <subfield code="d">1838-</subfield>
    <subfield code="0">n  98024047,</subfield>
    <subfield code="e">former owner.</subfield>
    <subfield code="5">DFo</subfield>
  </datafield>
  <datafield tag="700" ind1="1" ind2=" ">
    <subfield code="a">Cushman, Edwin Charles,</subfield>
    <subfield code="c">Mrs.,</subfield>
    <subfield code="e">former owner.</subfield>
    <subfield code="5">DFo</subfield>
  </datafield>
  <datafield tag="700" ind1="1" ind2=" ">
    <subfield code="a">Cushman, Victor N.,</subfield>
    <subfield code="e">former owner.</subfield>
    <subfield code="5">DFo</subfield>
  </datafield>
  <datafield tag="752" ind1=" " ind2=" ">
    <subfield code="a">Great Britain</subfield>
    <subfield code="b">England.</subfield>
    <subfield code="2">naf</subfield>
  </datafield>
  <datafield tag="852" ind1="8" ind2=" ">
    <subfield code="a">US-DFo</subfield>
    <subfield code="b">DeckB-Art</subfield>
    <subfield code="h">FPm21</subfield>
    <subfield code="7">230190</subfield>
    <subfield code="j">5057</subfield>
    <subfield code="z">This record contains unverified data from a re-keying contract and may contain incorrect or incomplete text. Please consult Curator for assistance.</subfield>
  </datafield>
  <datafield tag="856" ind1="4" ind2="1">
    <subfield code="u">https://digitalcollections.folger.edu/bib128684-230190</subfield>
    <subfield code="z">Digital image(s) of Folger Shakespeare Library FPm21</subfield>
  </datafield>
  <datafield tag="909" ind1="C" ind2="O">
    <subfield code="o">oai:catalog.folger.edu:128684</subfield>
    <subfield code="p">GLOBAL_SET</subfield>
  </datafield>
  <datafield tag="980" ind1=" " ind2=" ">
    <subfield code="a">BIB</subfield>
  </datafield>
  <datafield tag="983" ind1=" " ind2=" ">
    <subfield code="a">Online</subfield>
  </datafield>
  <datafield tag="983" ind1=" " ind2=" ">
    <subfield code="a">Vault</subfield>
  </datafield>
</record>
</collection>